| 000 | 00710cab a2200205 4500 | ||
|---|---|---|---|
| 001 | ABS41799 | ||
| 008 | 090401t1989 xxu||||| |||| 00| 0 eng d | ||
| 035 | _a(Sirsi) u32522 | ||
| 041 | _aeng | ||
| 100 | _aSimpson, J. | ||
| 245 | _aLA building control gears up for competition | ||
| 260 | _c1989 | ||
| 350 | _a0 | ||
| 490 |
_aBuilding Today _v198(5835) 7 December 1989 20-21(2) |
||
| 520 | _aThe Lantac scheme for type approval for house designs is detailed. This has now been extended to include industrial , commercial and retail buildings and competes with the NHBC scheme. | ||
| 650 |
_aBUILDING CONTROL _96222 |
||
| 690 | _aBUILDING AND CONSTRUCTION-CONTROL | ||
| 942 | _n0 | ||
| 948 | _c04/03/1997 | ||
| 999 |
_c21769 _d21769 |
||